| 000 | 01053nam a2200229Ia 4500 | ||
|---|---|---|---|
| 001 | L248-15021 | ||
| 003 | IT-CnALBA | ||
| 008 | 170116s9999||||xx |||||||||||||| ||und|| | ||
| 040 |
_aIT-CnALBA _cIT-CnALBA |
||
| 041 | _aITALIANO | ||
| 100 | _aBONIFETTI GIOV. BATT., TEOLOGO | ||
| 245 | 0 | _aSUFFRAGHIAMO LE ANIME SANTE DEL PURGATORIO. ESSE TANTO CI AIUTANO. UN MESE IN FAMIGLIA CON I NOSTRI CARI DEFUNTI. | |
| 250 | _a1a ed. | ||
| 260 |
_aTORINO _bMONTRUCCHIO G. TIPOGRAFIA _c1924 [1° Ed.:1924 - Ed.Ling.Originale: 1924] |
||
| 300 | _a154 p. (prefazione: 3) | ||
| 500 | _aPURGATORIO. SUFFRAGI. CIMITERI. RICONOSCENZA. SS. MESSE. PENE DEL PURGATORIO. SCAPOLARE DI MARIA. MESSE GREGORIANE. ATTO EROICO. | ||
| 501 | _aSocietà San Paolo EM - Piazza San Paolo, 14 - 12051 ALBA (CN) (non commercial uses only) ® Copyright 2017 | ||
| 520 | _aPURGATORIO. SUFFRAGI. CIMITERI. RICONOSCENZA. SS. MESSE. PENE DEL PURGATORIO. SCAPOLARE DI MARIA. MESSE GREGORIANE. ATTO EROICO. | ||
| 650 | _aASCETICA E MISTICA | ||
| 942 | _cBK | ||
| 957 | _71 | ||
| 999 |
_a19771 _bSI _g Copie: 1 _c274190 _d274190 |
||